000 00966nam a2200265Ia 4500
005 20260512081245.0
008 130821s2006 sp gr spa
020 _a9788423423828
040 _aCo-BoUCM
_bspa
_cSandra Palacio (modificó)
_dSandra Palacio (modificó)
041 0 0 _aspa
100 1 _aPeters, Tom
_9139042
245 1 0 _aGestionar con imaginación
_cTom Peters ; traducción, María Belmonte Barrenechea
260 _aBarcelona (España)
_bEdiciones Deusto
_c2006
300 _a170 páginas
490 0 _aLíderes del Management
500 _aIncluye índice general.
650 0 4 _aAdministración de empresas
_9435
650 0 4 _aÉxito en los negocios
_915417
650 0 4 _aHabilidad ejecutiva
_916655
650 0 4 _aLiderazgo
_918533
650 0 4 _aPlanificación estratégica
_921662
700 1 _aBelmonte Barrenechea, María
_etraductor
_9166634
942 _cLIBRO
_a16
_e1
_mP481g
_2DEWEY
_h658.4092
999 _c66124
_d66124